00423pam a2200157 a 4500020001200000040002500012041001300037082001600050100002400066245006800090250001400158260003700172300001300209365001200222653003100234 c9846.00 aMedical College Libr aENGhENG a616.07bCLE aClement, Philip B.. aAtlas of Gynecologic Surgical Pathology / chTextual Documents a2nd / b. a : bElsevier Saunders , c2008. a242 ; c a9846.00 aPathologyaMedical Science